| 000 | 00542nam a22001937a 4500 | ||
|---|---|---|---|
| 003 | OSt | ||
| 005 | 20240627110827.0 | ||
| 008 | 240627b |||||||| |||| 00| 0 eng d | ||
| 020 | _a9781844451531 | ||
| 040 | _cMUST | ||
| 082 |
_222 _a361.3 KOP 2008 |
||
| 100 |
_aKoprowska, Juliet _918203 |
||
| 245 |
_acommunication and interpersonal skills in social work/ _cjuliet Koprowska |
||
| 250 | _a2nd | ||
| 300 |
_avii, 179p. _bill. : _c24cm |
||
| 504 | _aincludes references and index | ||
| 650 | _2commuinication skills | ||
| 942 |
_2ddc _cO_SHELF |
||
| 999 |
_c8977 _d8977 |
||